Statistics for Coupe de la Ligue

Click here to take the quiz!

General Stats

  • This quiz has been taken 783 times
    (326 since last reset)
  • The average score is 8 of 12

Answer Stats

TitlesClubYears% Correct
8Paris Saint-Germain1995, 1998, 2008, 2014, 2015, 2016, 2017, 2018, 2020
100%
1Olympique Lyonnais2001
96%
3Olympique de Marseille2010, 2011, 2012
94%
1AS Monaco2003
86%
3Girondins de Bordeaux2002, 2007, 2009
81%
1AS Saint-Etienne2013
80%
1RC Lens1999
62%
3RC Strasbourg1997, 2005, 2019
61%
1FC Metz1996
40%
1FC Sochaux2004
40%
1AS Nancy-Lorraine2006
33%
1FC Gueugnon2000
14%

Score Distribution

Percentile by Number Answered

Percent of People with Each Score

Your Score History

You have not taken this quiz since the last reset